000
00238nam a22001097a 4500
008
170126b xxu||||| |||| 00| 0 eng d
020
_a
9780387298160
041
_a
eng
080
_2
2ND
_a
61
245
_a
SEPSIS
_c
RUIZ, G.O
942
_2
udc
_c
BK
999
_c
3772
_d
3772